Mathematical methods of classical mechanics

Furkejuvvon:
Bibliográfalaš dieđut
Váldodahkki: Arnold, Vladimir Igorevich (Dahkki)
Materiálatiipa: Girji
Giella:eaŋgalasgiella
Almmustuhtton: Nueva York Springer 1989
Preanttus:2a. ed
Ráidu:Graduate Texts in Mathematics, 60
Fáttát:
Fáddágilkorat: Lasit fáddágilkoriid
Eai fáddágilkorat, Lasit vuosttaš fáddágilkora!

MARC

LEADER 00000nam a2200000 a 4500
001 UCI3145
003 CL-VaPUC
008 071012e19890000US |||||||||||||||||eng|d
020 |a 9780387968902 
082 0 4 |a 519.3  |b ARN  |2 21 
100 0 |a Arnold, Vladimir Igorevich  |e author  |9 524540 
245 1 0 |a Mathematical methods of classical mechanics 
250 |a 2a. ed 
300 |a 516 p 
942 |c BK 
945 |d 20071012 00:00:00  |a jtorresc 
260 |a Nueva York  |b Springer  |c 1989 
650 0 |a Análisis numérico   |9 259387 
650 7 |a MODELACION GEOMETRICA  |2 CL-VaPUC  |9 524541 
650 0 |a Procesamiento de datos  |9 270253 
650 7 |a METODOS DE DATOS  |2 CL-VaPUC  |9 524542 
650 0 |a Estadística descriptiva  |9 366209 
583 |a last modification  |c 20071012 00:00:00  |k Rodrigo Vera 
490 0 |a Graduate Texts in Mathematics, 60 
999 |c 327518  |d 327516 
952 |0 0  |1 0  |2 ddc  |4 0  |6 519_300000000000000_ARN_1989  |7 0  |8 A  |9 410414  |a BIBCUR  |b BIBCUR  |d 2019-11-22  |i 4377591  |l 6  |m 1  |o 519.3 ARN 1989  |p 4377591  |r 2025-04-22  |s 2024-08-12  |w 2019-11-22  |y BK  |k FIS 
952 |0 0  |1 0  |4 0  |6 519_300000000000000_ARN_1989  |7 0  |8 A  |9 410415  |a BIBCUR  |b BIBCUR  |d 2019-11-22  |i 4377605  |o 519.3 ARN 1989  |p 4377605  |r 2025-04-22  |w 2019-11-22  |y BK  |k FIS